<?xml version="1.0" encoding="UTF-8"?>
<collection xmlns="http://www.loc.gov/MARC21/slim">
 <record>
  <leader>01913nam a2200361 a 4500</leader>
  <controlfield tag="001">13865309</controlfield>
  <controlfield tag="003">BD-DhAAL</controlfield>
  <controlfield tag="005">20250709120400.0</controlfield>
  <controlfield tag="008">090611s2006    cauab    b    001 0 eng d</controlfield>
  <datafield tag="010" ind1=" " ind2=" ">
   <subfield code="a">  2005003579</subfield>
  </datafield>
  <datafield tag="020" ind1=" " ind2=" ">
   <subfield code="a">1412914361 (pbk.)</subfield>
  </datafield>
  <datafield tag="040" ind1=" " ind2=" ">
   <subfield code="a">DLC</subfield>
   <subfield code="c">DLC</subfield>
   <subfield code="d">DLC</subfield>
   <subfield code="d">BD-DhAAL</subfield>
  </datafield>
  <datafield tag="082" ind1="0" ind2="0">
   <subfield code="a">658/.049</subfield>
   <subfield code="2">22</subfield>
  </datafield>
  <datafield tag="100" ind1="1" ind2=" ">
   <subfield code="a">Conklin, David W.</subfield>
   <subfield code="9">58641</subfield>
  </datafield>
  <datafield tag="245" ind1="0" ind2="0">
   <subfield code="a">Cases in the environment of business :</subfield>
   <subfield code="b">international perspectives /</subfield>
   <subfield code="c">David W. Conklin.</subfield>
  </datafield>
  <datafield tag="260" ind1=" " ind2=" ">
   <subfield code="a">Thousand Oaks :</subfield>
   <subfield code="b">Sage Publications,</subfield>
   <subfield code="c">c2006.</subfield>
  </datafield>
  <datafield tag="300" ind1=" " ind2=" ">
   <subfield code="a">xiv, 605 pages :</subfield>
   <subfield code="b">ill., maps ;</subfield>
   <subfield code="c">23 cm.</subfield>
  </datafield>
  <datafield tag="490" ind1="1" ind2=" ">
   <subfield code="a">The Ivey casebook series</subfield>
  </datafield>
  <datafield tag="504" ind1=" " ind2=" ">
   <subfield code="a">Includes bibliographical references (p. 603-604).</subfield>
  </datafield>
  <datafield tag="526" ind1=" " ind2=" ">
   <subfield code="a">BBS</subfield>
   <subfield code="x">Requisitioned by Faculties of BBS
Course name and no : N/A

</subfield>
  </datafield>
  <datafield tag="541" ind1="1" ind2=" ">
   <subfield code="a">Karim International</subfield>
   <subfield code="e">00014544</subfield>
  </datafield>
  <datafield tag="650" ind1=" " ind2="0">
   <subfield code="a">International business enterprises</subfield>
   <subfield code="x">Management</subfield>
   <subfield code="v">Case studies.</subfield>
   <subfield code="9">58642</subfield>
  </datafield>
  <datafield tag="650" ind1=" " ind2="0">
   <subfield code="a">International trade</subfield>
   <subfield code="v">Case studies.</subfield>
   <subfield code="9">10880</subfield>
  </datafield>
  <datafield tag="650" ind1=" " ind2="0">
   <subfield code="a">Competition, International</subfield>
   <subfield code="v">Case studies.</subfield>
   <subfield code="9">58643</subfield>
  </datafield>
  <datafield tag="650" ind1=" " ind2="0">
   <subfield code="a">Industrial management</subfield>
   <subfield code="v">Case studies.</subfield>
   <subfield code="9">11079</subfield>
  </datafield>
  <datafield tag="650" ind1=" " ind2="0">
   <subfield code="a">Management.</subfield>
  </datafield>
  <datafield tag="830" ind1=" " ind2=" ">
   <subfield code="a">The Ivey casebook series</subfield>
   <subfield code="9">58644</subfield>
  </datafield>
  <datafield tag="852" ind1="4" ind2=" ">
   <subfield code="a">Ayesha Abed Library </subfield>
   <subfield code="j">General Shelf.</subfield>
  </datafield>
  <datafield tag="942" ind1=" " ind2=" ">
   <subfield code="2">ddc</subfield>
   <subfield code="c">BK</subfield>
  </datafield>
  <datafield tag="999" ind1=" " ind2=" ">
   <subfield code="c">5926</subfield>
   <subfield code="d">5926</subfield>
  </datafield>
  <datafield tag="952" ind1=" " ind2=" ">
   <subfield code="0">0</subfield>
   <subfield code="1">0</subfield>
   <subfield code="2">ddc</subfield>
   <subfield code="4">0</subfield>
   <subfield code="6">658_049000000000000_CON</subfield>
   <subfield code="7">0</subfield>
   <subfield code="9">14504</subfield>
   <subfield code="a">BRACUL</subfield>
   <subfield code="b">BRACUL</subfield>
   <subfield code="c">GEN</subfield>
   <subfield code="d">2011-03-02</subfield>
   <subfield code="l">0</subfield>
   <subfield code="o">658.049 CON</subfield>
   <subfield code="p">3010014544</subfield>
   <subfield code="r">2011-03-02</subfield>
   <subfield code="t">1</subfield>
   <subfield code="w">2011-03-02</subfield>
   <subfield code="y">BK</subfield>
  </datafield>
  <datafield tag="952" ind1=" " ind2=" ">
   <subfield code="0">0</subfield>
   <subfield code="1">0</subfield>
   <subfield code="2">ddc</subfield>
   <subfield code="4">0</subfield>
   <subfield code="6">658_049000000000000_CON</subfield>
   <subfield code="7">0</subfield>
   <subfield code="9">14505</subfield>
   <subfield code="a">BRACUL</subfield>
   <subfield code="b">BRACUL</subfield>
   <subfield code="c">GEN</subfield>
   <subfield code="d">2011-03-02</subfield>
   <subfield code="e">Karim International</subfield>
   <subfield code="g">702.00</subfield>
   <subfield code="l">2</subfield>
   <subfield code="m">19</subfield>
   <subfield code="o">658.049 CON</subfield>
   <subfield code="p">3010019556</subfield>
   <subfield code="r">2017-02-07</subfield>
   <subfield code="s">2014-08-07</subfield>
   <subfield code="t">2</subfield>
   <subfield code="w">2011-03-02</subfield>
   <subfield code="y">BK</subfield>
   <subfield code="x">Requisitioned by Faculties of BBS. Course name and no. &quot;not available&quot;.</subfield>
  </datafield>
  <datafield tag="952" ind1=" " ind2=" ">
   <subfield code="0">0</subfield>
   <subfield code="1">0</subfield>
   <subfield code="2">ddc</subfield>
   <subfield code="4">0</subfield>
   <subfield code="6">658_049000000000000_CON</subfield>
   <subfield code="7">0</subfield>
   <subfield code="9">14506</subfield>
   <subfield code="a">BRACUL</subfield>
   <subfield code="b">BRACUL</subfield>
   <subfield code="c">GEN</subfield>
   <subfield code="d">2011-03-02</subfield>
   <subfield code="e">Karim International</subfield>
   <subfield code="g">702.00</subfield>
   <subfield code="l">0</subfield>
   <subfield code="o">658.049 CON</subfield>
   <subfield code="p">3010019575</subfield>
   <subfield code="r">2011-03-02</subfield>
   <subfield code="t">3</subfield>
   <subfield code="w">2011-03-02</subfield>
   <subfield code="y">BK</subfield>
   <subfield code="x">Requisitioned by Faculties of BBS. Course name and no. &quot;not available&quot;.</subfield>
  </datafield>
 </record>
</collection>
